Financial accounting (Record no. 78244)

MARC details
000 -LEADER
fixed length control field 00741nam a22002537a 4500
003 - CONTROL NUMBER IDENTIFIER
control field CBULib
005 - DATE AND TIME OF LATEST TRANSACTION
control field 20241001081111.0
008 - FIXED-LENGTH DATA ELEMENTS--GENERAL INFORMATION
fixed length control field 230503b |||||||| |||| 00| 0 eng d
020 ## - INTERNATIONAL STANDARD BOOK NUMBER
International Standard Book Number 9781119758129
040 ## - CATALOGING SOURCE
Original cataloging agency CBULib
Transcribing agency CBULIb
Language of cataloging English
Description conventions rda
041 ## - LANGUAGE CODE
Language code of text/sound track or separate title eng
050 ## - LIBRARY OF CONGRESS CALL NUMBER
Classification number HF 5636 Lou
100 ## - MAIN ENTRY--PERSONAL NAME
Personal name Loughran, Maire
245 ## - TITLE STATEMENT
Title Financial accounting
Statement of responsibility, etc / by Maire Loughran
250 ## - EDITION STATEMENT
Edition statement 2nd edition
260 ## - PUBLICATION, DISTRIBUTION, ETC. (IMPRINT)
Place of publication, distribution, etc New Jersey :
Name of publisher, distributor, etc John Wiley & Sons,
Date of publication, distribution, etc 2021
300 ## - PHYSICAL DESCRIPTION
Extent xv, 358 pages : illustrations
336 ## - CONTENT TYPE
Source rdacontent
Content type term Text |
Content type code txt
337 ## - MEDIA TYPE
Source rdamedia
Media type term Unmediated |
Media type code n
338 ## - CARRIER TYPE
Source rdacarrier
Carrier type term Volume
Carrier type code nc
600 ## - SUBJECT ADDED ENTRY--PERSONAL NAME
Source of heading or term Title page
Personal name LOUGHRAN, MAIRE
650 ## - SUBJECT ADDED ENTRY--TOPICAL TERM
Source of heading or term Library of Congress
Topical term or geographic name as entry element ACCOUNTING
942 ## - ADDED ENTRY ELEMENTS (KOHA)
Koha item type MONOGRAPH
Source of classification or shelving scheme
Holdings
Withdrawn status Lost status Source of classification or shelving scheme Damaged status Not for loan Collection code Permanent Location Current Location Shelving location Date acquired Source of acquisition Cost, normal purchase price Total Checkouts Full call number Barcode Date last seen Copy number Cost, replacement price Price effective from Koha item type Date checked out
          CBU-Lusaka Campus CBU- LUSAKA CAMPUS CBU- LUSAKA CAMPUS General Stacks 09/18/2024 DON-BOOKAID 28.68   HF 5636 Lou 752709 09/18/2024 5   09/18/2024 MONOGRAPH  
          Main Library Open Access Collection CBU-MAIN LIBRARY, KITWE. CBU-MAIN LIBRARY, KITWE. General Stacks 05/04/2023 DON-BOOKAID 28.68   HF 5636 Lou 751919 05/04/2023 3 34.42 05/04/2023 MONOGRAPH  
          Main Library Open Access Collection CBU-MAIN LIBRARY, KITWE. CBU-MAIN LIBRARY, KITWE. General Stacks 05/04/2023 DON-BOOKAID 28.68 1 HF 5636 Lou 751920 04/25/2025 4 34.42 05/04/2023 MONOGRAPH 04/11/2025
          Mpika Library Collection CBU-MPIKA LIBRARY, MPIKA CAMPUS. CBU-MAIN LIBRARY, KITWE. General Stacks 05/04/2023 DON-BOOKAID     HF 5636 Lou 751917 05/04/2023 1   05/04/2023 MONOGRAPH  
          Mpika Library Collection CBU-MPIKA LIBRARY, MPIKA CAMPUS. CBU-MAIN LIBRARY, KITWE. General Stacks 05/04/2023 DON-BOOKAID     HF 5636 Lou 751918 05/04/2023 2   05/04/2023 MONOGRAPH  
          CBU-Lusaka Campus CBU- LUSAKA CAMPUS CBU-MAIN LIBRARY, KITWE. General Stacks 09/18/2024 DON-BOOKAID 28.68   HF 5636 Lou 752710 09/18/2024 6   09/18/2024 MONOGRAPH